00000000nam 2200000zi 4500
0019.947547
003CaOODSP
00520250130094452
006m     o  d f      
007cr cn|||||||||
008250130t20172017oncbd   obs  f000 0 eng d
040 |aCaOODSP|beng|erda|cCaOODSP
043 |an-cn---
0861 |aCS95-640/17-2016E-PDF
24500|aGrowing opportunity through innovation in agriculture.
264 1|a[Ottawa] : |bStatistics Canada = Statistique Canada, |c2017.
264 4|c©2017
300 |a1 online resource (17 pages) : |bmaps, graphs.
336 |atext|btxt|2rdacontent
337 |acomputer|bc|2rdamedia
338 |aonline resource|bcr|2rdacarrier
500 |aCover title.
500 |a"Release date: June 21, 2017."
500 |aIssued also in French under title: L'innovation comme facteur de croissance dans le secteur agricole.
504 |aIncludes bibliographical references (page 17).
520 |a"Farming is an increasingly complex business. As the agricultural industry continues to evolve, farms are adapting their business model to take advantage of new opportunities in the market. Innovation through marketing strategies, processes and product offerings are allowing farms to exploit new revenue streams and cut costs"--Page 3.
650 0|aFarmers|zCanada|xEconomic conditions|vStatistics.
650 0|aAgriculture|xEconomic aspects|zCanada|vStatistics.
650 0|aAgricultural innovations|zCanada|vStatistics.
655 7|aStatistics|2lcgft
7102 |aStatistics Canada, |eissuing body.
77508|tL'innovation comme facteur de croissance dans le secteur agricole.|w(CaOODSP)9.947548
85640|qPDF|s1.34 MB|uhttps://publications.gc.ca/collections/collection_2025/statcan/95-640-x/CS95-640-17-2016-eng.pdf
8564 |qHTML|sN/A|uhttps://www150.statcan.gc.ca/n1/pub/95-640-x/2016001/article/14816-eng.htm
986 |a95-640-X